Normal view
MARC view
Entry Personal Name
001 - CONTROL NUMBER
- control field: 1102
003 - CONTROL NUMBER IDENTIFIER
- control field: OSt
005 - DATE AND TIME OF LATEST TRANSACTION
- control field: 20250820111120.0
008 - FIXED-LENGTH DATA ELEMENTS
- fixed length control field: 250820|| aca||aabn | a|a d
040 ## - CATALOGING SOURCE
- Original cataloging agency: OSt
- Transcribing agency: OSt
100 ## - HEADING--PERSONAL NAME
- Personal name: Lady Thongam
670 ## - SOURCE DATA FOUND
- Source citation: Work cat.: (OSt)20695: Lady Thongam, Mental Health status of individuals residing in relief camps ; A Cross-sectional study from manipur, india., 2025